| 000 | 01397cam a22003497a 4500 | ||
|---|---|---|---|
| 999 |
_c7220 _d7220 |
||
| 001 | 15047582 | ||
| 003 | OSt | ||
| 005 | 20210910112533.0 | ||
| 008 | 071017s2007 enka b 001 0 eng | ||
| 010 | _a 2007299649 | ||
| 015 |
_aGBA739077 _2bnb |
||
| 016 | 7 |
_a013751533 _2Uk |
|
| 020 | _a9780521877510 (hbk.) | ||
| 020 | _a9780521706940 (pbk.) | ||
| 035 | _a(OCoLC)ocn137221654 | ||
| 040 |
_aUKM _cDDC _dBTCTA _dBAKER _dYDXCP _dDLC |
||
| 042 |
_aukscp _alccopycat |
||
| 050 | 0 | 0 |
_aQH447 _b.M35 2007 |
| 082 | 0 | 4 | _a572.863MAJ2007 |
| 100 | 1 |
_aMajoros, William H. _914843 |
|
| 245 | 1 | 0 |
_aMethods for computational gene prediction _cEdited by Majoros,William H. |
| 260 |
_aCambridge : _bCambridge University Press, _c2007. |
||
| 300 |
_axvii,430p; _bill; _c26cm |
||
| 504 | _aIncludes; references (p. 390-407) and index. | ||
| 650 | 0 |
_aBiology _95602 |
|
| 856 | 4 | 2 |
_3Publisher description _uhttp://www.loc.gov/catdir/enhancements/fy0803/2007299649-d.html |
| 856 | 4 | 1 |
_3Table of contents only _uhttp://www.loc.gov/catdir/enhancements/fy0803/2007299649-t.html |
| 856 | 4 | 2 |
_3Contributor biographical information _uhttp://www.loc.gov/catdir/enhancements/fy0803/2007299649-b.html |
| 906 |
_a7 _bcbc _ccopycat _d2 _encip _f20 _gy-gencatlg |
||
| 942 |
_2ddc _cO_SHELF |
||